000 00534cam a22001457a 4500
008 180718b1990 xxu||||| |||| 00| 0 eng d
082 _aAPPPA 89-90 VIN
100 _aVinayek, Saroj
245 _aStudy of the norms of fairness in departmental inquiry with special reference to ordnance factories in West Bengal
_cby Saroj Vinayek
260 _aNew Delhi
_bIndian Institute of Public Administration
_c1990
300 _a151+p.
650 _aOrdnance factories-West Bengal
650 _aDepartmental inquiry
650 _aFairness norms
999 _c501527
_d501527